000 00674nam a2200241Ia 4500
003 OSt
005 20220927105420.0
006 a|||||r|||| 00| 0
007 ta
008 220926b |||||||| |||| 00| 0 eng d
024 _a169369
037 _cReference Collections
040 _aRTL
_cRTL
_beng
041 _2eng
_aeng
082 _a"n.1 N45 - N81, M1"
110 _aUnited Nations.
245 0 _aStatistical yearbook for Asia and the pacific.
260 _aBangkok
_bU N
_c1981
300 _axxx; 563p.
_ccm.
700 _aUnited Nations.
942 _h"n.1 N45 - N81, M1"
_cCC
999 _c692423
_d692423